| 000 | 01219nam a22002897a 4500 | ||
|---|---|---|---|
| 999 |
_c63533 _d63533 |
||
| 005 | 20240530110646.0 | ||
| 008 | 171113s2015 ua ak g b 000 0 ara d | ||
| 017 |
_a2014/13904 _bمصر. دار الكتب |
||
| 020 | _a9789773505851 | ||
| 040 |
_aEG-CaGPL _cEG-CaGPL |
||
| 082 | 0 | 4 |
_221 _a155.418 / _bم ت |
| 100 | 0 | _aمحمد السيد عبدالرحمن | |
| 245 | 1 | 2 |
_aالتاهيل السلوكى والمعرفى لذوى الاعاقة : _bاسسة النظرية واجراءاتة التطبيقية / _cاعداد محمد السيد عبدالرحمن ، نجاة مختار حسين |
| 250 | _aط.1 | ||
| 260 |
_aالقاهرة : _bدار الكتاب الحديث ، _c2015. |
||
| 300 |
_a502 ص : _bايض ؛ _c24 سم. |
||
| 504 | _aبشتمل على ارجاعات ببليوجرافية | ||
| 650 | 0 | 7 |
_2qrmak _aالتكييف النفسى |
| 650 | 0 | 7 |
_2qrmak _aالسلوك _xانماط |
| 650 | 0 | 7 |
_2qrmak _aالمعوقون _xرعاية وعلاج |
| 650 | 0 | 7 |
_2qrmak _aالمعوقون _xتعليم |
| 651 | _2qrmak | ||
| 653 | 0 | _aالمعوقون - تاهيل | |
| 700 | 0 |
_a نجاة مختار حسين _eمعد |
|
| 942 |
_2ddc _cBK |
||